007500000a2200193000450000500170000000800410001702000150005808200160007324501750008926000300026430000250029449000120031965000390033165000480037070000220041894200070044095200960044799900130054320240212094824.0230817t2004 ||||| |||| 00| 0 eng d a9558430056 a340.59bAME aAl-Ameen Law Report:bcontaining cases decided under Muslim Law by the Wakfs Tribunal and M.C., DC, CA and Supreme Court of the Democratic Socialist Republic of Sri Lanka aColombo:bAl-Ameen,c2004 aviii., 187 p.; 22 cm aVol. II aIslamic law -- Sri Lanka -- Cases  a Islamic law- Sri Lanka- Trials, litigation aAmeen, A.H.Geed. cRP 00102ddc4070aMAINbMAINd2023-08-17l0o340.59 AMEpRAF4124r2023-08-17w2023-08-17yRP c256d256